000
00287nam a22001337a 4500
008
170825b xxu||||| |||| 00| 0 eng d
020
_a
9780240813516
041
_a
eng
080
_a
070
100
_a
27
101
_a
MED
245
_a
FLASH EFFECTS
_c
JACKSON.CH
942
_2
udc
_c
BK
999
_c
25020
_d
25020